000 00786nam a2200229Ia 4500
001 8860
003 GE_BSU
008 181216s||||||||xx |||||||||||||| ||und||
040 _cGE_BSU
080 _a821.353.1-31
100 _aკაპანაძე,შოთა
245 _aჯვარზენის ახალმოსახლენი
245 _bრომანი
245 _cრედ. ს.დემურხანაშვილი. მხატვ. ნ.ლაფაჩი
260 _aთბილისი
260 _bსაბჭოთა საქართველო
260 _c1974
300 _a321გვ.20სმ.
653 _aრომანი
653 _aჯვარზენის ახალმოსახლენი
942 _cBK
999 _c42167
_d42167